00851nam a2200277Ia 4500001000700000003000500007008004100012010001100053040000900064082001600073100007500089245002800164260002800192300001100220440000500231500008400236503000800320650008400328901001600412902000600428910000900434942000600443942000700449999001900456952009800475Z_4651CHAP220113s1989 xx 000 0 und d a167726 cCHAP a636.5089 W4 aWestern Poultry Disease Conference (38 : 1989 : Tempe Arizona)9141990 aProceedings /cby WPDC aArizona :bWPDC,c1989 a249 p. a aContiene Proceedings of the Monoclonal Antibody Workshop (1989 : Tempe Arizona) aC/E aAves de corralxEnfermedadesxCongresos I. Monoclonal Antibody Workshop9141991 a636.5089 W4 aA a1989 c1 cc1 c167726d167726 00102ddc40708GRALaZbZc3d2005-11-09pz_4537r2022-01-18 00:00:00t1w2022-01-18yLIBRO